[Event "Tashkent FIDE GP 2014"]
[Site "Tashkent UZB"]
[Date "2014.10.21"]
[Round "1.4"]
[White "Caruana, Fabiano"]
[Black "Vachier-Lagrave, Maxime"]
[Result "0-1"]
[WhiteTitle "GM"]
[BlackTitle "GM"]
[WhiteElo "2844"]
[BlackElo "2757"]
[WhiteFideId "2020009"]
[BlackFideId "623539"]
[EventDate "2014.10.21"]

1. e4 c5 2. Nf3 d6 3. d4 cxd4 4. Nxd4 Nf6 5. Nc3 a6 6. f3 e5 7. Nb3 Be6 8. Be3
Be7 9. Qd2 O-O 10. O-O-O Nbd7 11. g4 b5 12. Rg1 Nb6 13. Na5 Rc8 14. g5 Nh5 15.
Kb1 Qc7 16. Nd5 Nxd5 17. exd5 Bxd5 18. Qxd5 Qxa5 19. Bd3 g6 20. c4 Nf4 21. Bxf4
exf4 22. cxb5 axb5 23. Qxb5 Qa7 24. Be4 Rc7 25. Bd5 Qf2 26. Qb3 Qxh2 27. a4 Qf2
28. Rc1 Ra7 29. Qb4 Qe3 30. Rcd1 Qe5 31. Qb5 Kg7 32. Bc6 Rc8 33. Rg2 d5 34. Bxd5
Rc5 35. Qb3 Bxg5 36. Bc4 Bf6 37. Re2 Qf5+ 38. Re4 Re5 39. Re1 Rxe4 40. Rxe4 Re7
41. Bd3 Rxe4 42. Bxe4 Qd7 43. Qb5 Qxb5 44. axb5 Bd4 45. Kc2 h5 46. b6 Bxb6 47.
Kd1 f5 48. Bc6 g5 49. Bd7 Kf6 50. Ke2 g4 51. Kf1 Kg5 0-1

[Event "Tashkent FIDE GP 2014"]
[Site "Tashkent UZB"]
[Date "2014.10.27"]
[Round "6.3"]
[White "Andreikin, Dmitry"]
[Black "Karjakin, Sergey"]
[Result "1-0"]
[WhiteTitle "GM"]
[BlackTitle "GM"]
[WhiteElo "2722"]
[BlackElo "2767"]
[WhiteFideId "4158814"]
[BlackFideId "14109603"]
[EventDate "2014.10.21"]

1. d4 Nf6 2. Nf3 e6 3. Bg5 c5 4. Nc3 cxd4 5. Qxd4 Nc6 6. Qh4 Bb4 7. e4 Bxc3+ 8.
bxc3 h6 9. Bd3 d6 10. Rd1 Rg8 11. Be3 e5 12. Bb5 Qc7 13. Nd2 Be6 14. f3 Qa5 15.
c4 Ke7 16. O-O g5 17. Qf2 Rgd8 18. h4 Nh7 19. hxg5 hxg5 20. g4 f6 21. Kg2 Nf8
22. Rh1 Bf7 23. Nf1 Bg6 24. Bd2 Qb6 25. Ne3 Kf7 26. Qe1 Ne6 27. Nf5 Qc7 28. c5
dxc5 29. Bc4 b5 30. Bd5 Rac8 31. Rh6 Nd4 32. Ba5 Nxc2 33. Qh1 Qxa5 34. Rh7+ 1-0